Statistiques concernant RL Top 20 Player 2023

Cliquez ici pour prendre le quiz!

Statistiques générales

  • Ce quiz a été pris 30 fois
  • Le résultat moyen est 9 sur 20

Statistiques - réponses

Top #CountryPlayer% Correct
3Francezen
96%
1Francevatira.
88%
6Moroccoitachi
83%
2FranceAlpha54
71%
10FranceM0nkey M00n
63%
5FranceRadosin
63%
4FranceExoTiiK
58%
9Englandrise.
54%
8BelgiumAtow.
50%
12FranceSeikoo
46%
7PolandOski
38%
16PortugalAcroniK
29%
19USAFirstkiller
29%
13EnglandApparentlyJack
25%
14Spaincrr
21%
17USAAtomic
17%
11ChileReysbull
17%
15USAChronic
8%
20USALj
8%
18Saudi ArabiaKiileerrz
4%

Distribution des résultats

Percentile par nombre de réponses

% des personnes avec chaque résultat

Votre développement - résultats

Vous n’avez pas pris ce quiz